[Event "Asia-Oceania Uni"]
[Site "Tornelo INT"]
[Date "2022.12.22"]
[Round "5"]
[White "Malcolm, Aidan"]
[Black "Yogesh, Vivek Shelgaonkar"]
[Result "1/2-1/2"]
[WhiteElo "1553"]
[BlackElo "1424"]
[PlyCount "63"]
[EventDate "2022.12.21"]
[EventType "swiss (rapid)"]
[EventRounds "9"]
[EventCountry "NET"]
[SourceTitle "CBM 211 Extra"]
[Source "ChessBase"]
[SourceDate "2023.01.31"]
[SourceVersion "1"]
[SourceVersionDate "2023.01.31"]
[SourceQuality "1"]

1. e4 c5 2. d4 cxd4 3. c3 dxc3 4. Nxc3 Nc6 5. Nf3 d6 6. Bc4 a6 7. Bg5 h6 8. Qb3 Be6 9. Bxe6 fxe6 10. Qxb7 Na5 11. Qb4 hxg5 12. Nxg5 Nc6 13. Qb3 Qd7 14. Qxe6 Qxe6 15. Nxe6 Kd7 16. Ng5 Nf6 17. Na4 Rb8 18. Rd1 Rb5 19. f4 e5 20. g3 exf4 21. gxf4 Rh4 22. 0-0 Ng4 23. Nf3 Rh6 24. Rd3 Kc7 25. Rc1 Kb7 26. b3 Rbh5 27. Rd2 Rh3 28. Kg2 Ne3+ 29. Kf2 Ng4+ 30. Kg2 Ne3+ 31. Kf2 Ng4+ 32. Kg2 1/2-1/2

[Event "Asia-Oceania Uni"]
[Site "Tornelo INT"]
[Date "2022.12.21"]
[Round "3"]
[White "Ahmad, Abu Khater"]
[Black "Yogesh, Vivek Shelgaonkar"]
[Result "0-1"]
[WhiteElo "1414"]
[BlackElo "1424"]
[PlyCount "160"]
[EventDate "2022.12.21"]
[EventType "swiss (rapid)"]
[EventRounds "9"]
[EventCountry "NET"]
[SourceTitle "CBM 211 Extra"]
[Source "ChessBase"]
[SourceDate "2023.01.31"]
[SourceVersion "1"]
[SourceVersionDate "2023.01.31"]
[SourceQuality "1"]

1. d4 d5 2. c4 c6 3. Nc3 Nf6 4. Nf3 e6 5. Bf4 dxc4 6. e4 b5 7. a4 Bb4 8. Bg5 h6 9. Bxf6 Qxf6 10. Be2 Bb7 11. 0-0 a6 12. Rc1 Nd7 13. b3 Bxc3 14. Rxc3 cxb3 15. Qxb3 0-0 16. Rfc1 Rac8 17. h3 Nb6 18. Ne5 Nxa4 19. Rg3 Rfd8 20. Qe3 c5 21. Ng4 Qxd4 22. Nxh6+ Kf8 23. Qg5 gxh6 24. Qxh6+ Ke7 25. Qg5+ Qf6 26. Qe3 Rg8 27. Bg4 Qd4 28. Qf4 Qxe4 29. Qh6 Qg6 30. Qh4+ Qg5 31. Qh7 Qxc1+ 32. Kh2 Qf4 33. Kg1 Qf6 34. Re3 Rg6 35. Rxe6+ Qxe6 36. Bxe6 Rxe6 37. Qh4+ Kd7 38. Qf4 Re7 39. h4 Rg8 40. f3 Nb6 41. Qf5+ Kc7 42. Qxc5+ Kd7 43. Qxb6 Bc8 44. h5 Re6 45. Qd4+ Ke7 46. h6 Rxh6 47. Qb4+ Rd6 48. Qe4+ Be6 49. f4 Kf6 50. Qe5+ Ke7 51. f5 Rd5 52. Qc7+ Bd7 53. Qc2 Rxf5 54. Qe4+ Kd6 55. Qd4+ Rd5 56. Qb6+ Bc6 57. Qxa6 Rd1+ 58. Kf2 Rxg2+ 59. Ke3 Rd5 60. Qc8 Rg6 61. Qb8+ Kc5 62. Qa7+ Kb4 63. Qxf7 Rg3+ 64. Ke2 Rgd3 65. Qe7+ Kb3 66. Qc7 Bd7 67. Qc1 Bg4+ 68. Kf2 Rf5+ 69. Kg2 Bh3+ 70. Kh2 b4 71. Qb1+ Kc4 72. Qc2+ Kd4 73. Qb2+ Kc5 74. Qc2+ Kb5 75. Qe2 Rfd5 76. Qe8+ Kc4 77. Qc6+ Kb3 78. Kg1 Rd2 79. Qh6 Rg2+ 80. Kh1 Rd1# 0-1

[Event "South Wales Autumn op"]
[Site "Cardiff"]
[Date "2022.10.16"]
[Round "5"]
[White "Yogesh, Vivek Shelgaonkar"]
[Black "Thomas, Roy"]
[Result "1-0"]
[WhiteElo "1240"]
[BlackElo "1674"]
[PlyCount "135"]
[EventDate "2022.10.15"]
[EventType "swiss"]
[EventRounds "5"]
[EventCountry "WLS"]
[SourceTitle "EXT 2024"]
[Source "ChessBase"]
[SourceDate "2023.10.10"]
[SourceVersion "1"]
[SourceVersionDate "2023.10.10"]
[SourceQuality "1"]

1. e4 c5 2. Nf3 Nc6 3. d4 cxd4 4. Nxd4 e5 5. Nb5 d6 6. N1c3 a6 7. Na3 Be7 8. Nc4 b5 9. Ne3 Nf6 10. Ned5 0-0 11. Be3 Rb8 12. Bd3 Ng4 13. 0-0 Nxe3 14. Nxe3 Be6 15. Ncd5 Qd7 16. a4 Bg5 17. axb5 axb5 18. Ra6 Bxe3 19. fxe3 Bxd5 20. exd5 Nb4 21. Ra5 f5 22. Qe2 Nxd3 23. Qxd3 e4 24. Qd4 Qc7 25. Ra7 Rb7 26. Rfa1 Rfb8 27. Rxb7 Rxb7 28. Ra8+ Kf7 29. Ra6 Kg8 30. Rc6 Qe7 31. Qb4 Rc7 32. Rxc7 Qxc7 33. Qxb5 Kf7 34. Qc6 Qe7 35. Qc3 Qa7 36. Kf2 f4 37. Qa3 Qb6 38. Qb3 fxe3+ 39. Qxe3 Qxb2 40. Qxe4 g6 41. Kg3 Kg7 42. Qe7+ Kh6 43. Qf8+ Kh5 44. Qf4 g5 45. Qf5 Kh6 46. Qf8+ Kh5 47. Qf7+ Kh6 48. Qe6+ Kh5 49. Qe4 Kh6 50. h3 Qc3+ 51. Kg4 Kg7 52. Qe7+ Kg8 53. Qxg5+ Kf7 54. Qf5+ Kg7 55. Qd7+ Kg8 56. Qe8+ Kg7 57. Qe7+ Kg8 58. Qxd6 Qxc2 59. Qe6+ Kh8 60. Qe5+ Kg8 61. d6 Qxg2+ 62. Kf4 Qxh3 63. Qg5+ Kh8 64. Ke5 Qc3+ 65. Ke6 Qc4+ 66. Kf6 Qd4+ 67. Qe5 Qxe5+ 68. Kxe5 1-0

[Event "Asian University"]
[Site "Tornelo INT"]
[Date "2021.09.11"]
[Round "4"]
[White "Kozhamberdiyev, Alan"]
[Black "Yogesh, Vivek Shelgaonkar"]
[Result "1-0"]
[WhiteElo "1401"]
[BlackElo "1244"]
[PlyCount "121"]
[EventDate "2021.09.10"]
[EventType "swiss (rapid)"]
[EventRounds "9"]
[EventCountry "NET"]
[SourceTitle "CBM 204 Extra"]
[Source "ChessBase"]
[SourceDate "2021.11.30"]
[SourceVersion "1"]
[SourceVersionDate "2021.11.30"]
[SourceQuality "1"]

1. Nf3 d5 2. e3 Nf6 3. c4 c6 4. Nc3 e6 5. d4 Nbd7 6. b3 Bd6 7. Bd3 0-0 8. 0-0 Qe7 9. Bb2 e5 10. dxe5 Nxe5 11. Nxe5 Qxe5 12. g3 Bh3 13. Re1 dxc4 14. Bxc4 Rad8 15. Qc2 Qh5 16. Ne4 Nxe4 17. Qxe4 Rfe8 18. Be2 Qh6 19. Qf3 Be5 20. Bxe5 Rxe5 21. Rad1 Red5 22. Rxd5 Rxd5 23. Rd1 Be6 24. Bc4 Rxd1+ 25. Qxd1 Qf6 26. Bxe6 fxe6 27. Kg2 Kf7 28. Qd7+ Qe7 29. Qxe7+ Kxe7 30. Kf3 Kf6 31. Ke4 c5 32. h4 b5 33. g4 a5 34. f3 h6 35. h5 g5 36. a4 bxa4 37. bxa4 Ke7 38. Kd3 Kd6 39. Kc4 e5 40. Kb5 Kd5 41. Kxa5 e4 42. fxe4+ Kxe4 43. Kb5 Kd5 44. a5 c4 45. Kb4 Ke4 46. Kxc4 Kxe3 47. a6 Kf4 48. a7 Kxg4 49. a8Q Kxh5 50. Qh1+ Kg6 51. Kd4 h5 52. Ke4 g4 53. Kf4 Kh6 54. Qh4 Kg6 55. Qg5+ Kh7 56. Qxh5+ Kg7 57. Qxg4+ Kh6 58. Qg5+ Kh7 59. Kf5 Kh8 60. Kf6 Kh7 61. Qg7# 1-0

[Event "Asian University"]
[Site "Tornelo INT"]
[Date "2021.09.10"]
[Round "2"]
[White "Doluweera, Minul Sanjula"]
[Black "Yogesh, Vivek Shelgaonkar"]
[Result "1-0"]
[WhiteElo "2129"]
[BlackElo "1244"]
[PlyCount "39"]
[EventDate "2021.09.10"]
[EventType "swiss (rapid)"]
[EventRounds "9"]
[EventCountry "NET"]
[SourceTitle "CBM 204 Extra"]
[Source "ChessBase"]
[SourceDate "2021.11.30"]
[SourceVersion "1"]
[SourceVersionDate "2021.11.30"]
[SourceQuality "1"]

1. d4 d5 2. c4 c6 3. Nc3 Nf6 4. Nf3 e6 5. g3 Nbd7 6. Bg2 dxc4 7. 0-0 Be7 8. e4 0-0 9. Qe2 b5 10. Ne5 Qb6 11. Be3 c5 12. d5 Nxe5 13. f4 Nd3 14. d6 Bd8 15. a4 b4 16. a5 Qc6 17. Na4 Nxe4 18. b3 Ba6 19. bxc4 Bxc4 20. Rfc1 1-0